Christian theological responses : (Record no. 83904)

MARC details
000 -LEADER
fixed length control field 00575nam a22001937a 4500
005 - DATE AND TIME OF LATEST TRANSACTION
control field 20140501131220.0
010 ## - LCCN (DPL NO)
LC control number ENG-109840
020 ## - INTERNATIONAL STANDARD BOOK NUMBER
International Standard Book Number 9788192512198
Terms of availability 450.00
020 ## - INTERNATIONAL STANDARD BOOK NUMBER
International Standard Book Number 8192512193
Terms of availability 450.00
035 ## - SYSTEM CONTROL NUMBER
System control number EN-93373
037 ## - SOURCE OF ACQUISITION
Source of stock number/acquisition DBAD/PUB
100 ## - MAIN ENTRY--PERSONAL NAME
Personal name Raju, T. Swami
245 00 - TITLE STATEMENT
Title Christian theological responses :
Statement of responsibility, etc by T.Swami Raju
Remainder of title contemporary contextual concerns /
260 ## - PUBLICATION, DISTRIBUTION, ETC. (IMPRINT)
Place of publication, distribution, etc New Delhi
Name of publisher, distributor, etc Christian World Imprints
Date of publication, distribution, etc 2014
270 ## - ADDRESS
Address H-12, Bali Nagar
City New Delhi
Postal code 110015
300 ## - PHYSICAL DESCRIPTION
Extent xvi,172p.
Dimensions 22cm(Hb)
500 ## - GENERAL NOTE
General note Includes index
942 ## - ADDED ENTRY ELEMENTS (KOHA)
Source of classification or shelving scheme Dewey Decimal Classification
Item type English Books
Call number suffix RAJ
Holdings
Withdrawn status Lost status Not for loan Collection code Home library Current library Date acquired Source of acquisition Cost, normal purchase price Full call number Barcode Copy number Cost, replacement price Koha item type
    Not For Loan Non-fiction D.B.Act.Division D.B.Act.Division 01/05/2014 DBAD/PUB 480.00 CRO EN-93373 1 480.00 English Books

© Delhi Public Library
Hit Counter
free hit counter